000 01076nam a2200301 i 4500
001 bg
003 BPK
005 20260114123414.0
008 980713s1997 pl a f f |000 0 pol
015 _aPB 1997/8917
020 _a8386123419
040 _aWA N
_cBPK
080 _a311
080 _a519.2
080 _a(075.8)
100 1 _aRoeske-Słomka, Iwona.
_d(1947- ).
245 1 0 _aPodstawy statystyki /
_cIwona Roeske-Słomka ; Politechnika Koszalińska.
250 _a[Wyd. 2].
260 _aKoszalin :
_bWydaw. Uczelniane PK,
_c1997.
300 _a180 s. :
_bwykr. ;
_c24 cm.
521 _aSkrypt Instytutu Zarządzania i Marketingu do przedmiotu statystyka.
650 4 _aStatystyka
655 4 _aPodręczniki akademickie
710 2 _aPolitechnika Koszalińska.
_bWydawnictwo Uczelniane.
_4pbl.
856 _uhttp://koha.tu.koszalin.pl/cgi-bin/koha/opac-detail.pl?biblionumber=25203
_yKatalog online BPK
856 _uhttps://dlibra.tu.koszalin.pl/dlibra/publication/2119/edition/2109
_yBiblioteka Cyfrowa
942 _2UKD
_cKS
999 _c25203
_d25203